| 000 | 02843nam a2200325 a 4500 | ||
|---|---|---|---|
| 001 | BRCA_5006 | ||
| 005 | 20190320204911.0 | ||
| 008 | 291010m17971799mx-######v---#000-0#spa-# | ||
| 041 | _aspa | ||
| 044 | _amx | ||
| 084 |
_aDOC89 _b.B67 _c1797 |
||
| 100 | 1 |
_aBorda, José de la _912766 |
|
| 245 | 1 | 0 |
_aDocumento propiedad de José de la Borda y Manuel de la Borda _cJosé de la Borda ... [et al.]. |
| 260 |
_aMéxico _c1797-1799 |
||
| 300 |
_a[79] fojas _c32 x 22 cm |
||
| 500 | _aDocumento que contiene varios asuntos firmados y fechados entre 1797 y 1799 | ||
| 500 | _aLibro 5 de la Cuenta de Albaceazgo de Doña María Matiana Velázquez y el Doctor Don Manuel de la Borda, formado por su albacea Don Joaquín Romero Caamaño con referencia a los documentos de comprobación | ||
| 500 | _aDocumento que contiene viarios legajos firmados en diversas fechas | ||
| 500 | _aEl documento contiene la leyenda DOC. #249 | ||
| 500 | _aPapel con marca de agua | ||
| 500 | _aEstado de conservación: Contiene daños provocados por insectos papirográfos y acidificación | ||
| 505 | 0 |
_aFoja [3-15]: Testamentaría de Don Manuel de la Borda, 1798 . -- Foja [16-17]: Cuenta del producto de arrendamientos que han rendido las casas de esta ciudad pertenecientes a la testamentaría de Don Manuel de la Borda, 1797 . -- Foja [19-20] : Gastos erogados en composturas y reparos de las casas, 1797 . -- Foja [21-37]: Cuenta de Cargo y Data de los reales que se ha recibido de los arrendamientos de las casas y gastos causados por los herederos, 1797 . -- Foja [38-44]: Cuenta de la ropa de uso que se ha hecho al niño José de la Borda, 1797 . -- Foja [45-53]: Liquidación y revisión de la cuenta que antecede con arreglo a las artidas que se compone y a los documentos de comprobación a que se refiere . -- Foja [54-61]: Cuenta del precio de la Hacienda de San Juan de Dios. -- Foja [62-70]: Carta que el Virrey Miguel José Azanza, dirige a Joaquín Romero de Caamaño sobre un donativo, 3 de noviembre de 1778 . -- Foja [71-72]: Carta de Joaquín Romero Caamaño al Virrey Miguel José de Azanza ofreciendo _ 500.00 . -- Foja [73]: Certificado de Tesorería General de Ejército y Real Hacienda de México de haber recibido el donativo de _ 500.00 para ayuda de los gastos de guerra contra la Gran Bretaña. 8 de novimebre 1798 . -- Foja[74-79]: Apuntes de la cuenta de los gastos menores de la Testamentaría de Doña María Matiana Velázquez y el Doctor Borda, 1798. |
|
| 506 | 0 | _aFondo reservado: para su consulta es necesario credencial de usuario y carta de motivos | |
| 546 | _aTexto en: español a finales del siglo XVIII | ||
| 600 | 1 | 4 |
_aBorda, José de la _xHistoria _912767 |
| 650 | 1 | 4 |
_aDocumentos legales _912768 |
| 651 | 4 |
_aMéxico _vManuscrito _xHistoria _yColonia, 1521-1821 _912769 |
|
| 902 | _aFDH | ||
| 942 |
_2lcc _cD |
||
| 999 |
_c4700 _d4700 |
||